000 00461nam a2200193Ia 4500
005 20240823033250.0
008 240823s9999||||xx |||||||||||||| ||und||
020 _a81-7254-166-x
041 _aTAMIL
082 _A824 q2
100 _aSasikala Devi S.
245 0 _aPazhi Maanavargalukkana Podu Arivu Katturigal
250 _a1st
260 _c2012
_bsura pathi
500 _aDISPLAY
650 _aTamil Books
_bGeneral
942 _cBK
999 _c195401
_d195401